Meilleurs buteur en Bundesliga - Statistiques

Statistiques générales
  • Ce quiz a été pris 205 fois
  • Le résultat moyen est 5 sur 20
Statistiques - réponses
Joueur Club Nombre de buts % Correct
Gerd Muller Bayern Munich 365
98%
Robert Lewandowski BVB / Bayern Munich 312
96%
Thomas Muller Bayern Munich 141
96%
Dieter Müller Kickers Offenbach / FC Cologne / VfB Stuttgart / FC Sarrebruck 177
94%
Mario Gómez Stuttgart / Bayern Munich / VfL Wolfsburg 170
44%
Marco Reus Mönchengladbach / BVB 148
43%
Karl-Heinz Rummenigge Bayern Munich 162
18%
Claudio Pizarro Werder Brême / Bayern Munich / FC Cologne 197
17%
Stefan Kiebling Nuremberg / Leverkusen 144
4%
Jupp Heynckes Mönchengladbach / Hanovre 220
3%
Fritz Walter SV Waldhof Mannheim / Stuttgard / Arminia Bielefeld 157
2%
Klaus Allofs Düsseldorf / FC Cologne / Werder Brême 177
2%
Klaus Fischer Munich / Schalke / Cologne / VfL Bochum 268
2%
Manfred Burgsmüller Rot-Weiss Essen / BVB / FC Nuremberg / Werder Brême 213
2%
Thomas Allof Dusseldorf /Kaiserslautern / Cologne 148
2%
Ulf Kirsten Bayer 04 Leverkusen 182
2%
Bernd Holzenbein Eintracht Francfort 160
1%
Bernd Nickel Eintracht Francfort 141
1%
Hannes Löhr 1. FC Cologne 166
1%
Stefan Kuntz VfL Bochum / KFC Uerdingen 05 / FC Kaiserslautern / Arminia Bielefeld 179
1%
Aucun quiz correspondant
Distribution des résultats
% des personnes avec chaque résultat
Percentile par nombre de réponses
Votre historique - résultats
Vous n’avez pas pris ce quiz